• 首页
  • 本馆介绍
  • 公告通知
  • 最新文献
  • 馆藏检索
  • 电子资源
  • 读者导购
  • 参考咨询
  • 我的图书馆
  • 登录
  • 详细信息显示
  • 放入我的书架
  • 预约/预借图书
  • 作者相关作品
  • 分类相关作品
  • 丛书相关作品
  • 出版社相关作品

书目信息

  • 表格格式
  • 工作单格式
  • 卡片格式
题名:
文学语言学
    
 
作者: 李荣启 著
分册:  
出版信息: 北京   人民出版社  2005
页数: 378页
开本: 21cm
丛书名:
单 册:
中图分类: I045
科图分类:
主题词: 文学语言--研究
电子资源:
ISBN: 7-01-005000-7
000 01140nam0 2200313 450
000 01103nam0 2200301 450
000 01072nam0 2200301 450
000 01018nam0 2200277 450
000 01036nam0 2200265 450
000 00999nam0 2200253 45
001 TS2006031595
005 20061210163356.45
010    @a7-01-005000-7@dCNY26.00
100    @a20060829d2005 ekmy0chiy0120 ea
101 0  @achi
102    @aCN@b110000
105    @ay a 000yy
200 1  @a文学语言学@AWen Xue Yu Yan Xue@f李荣启著@FLi Rong Qi Zhu
210    @a北京@c人民出版社@d2005
215    @a378页@d21cm
320    @a有书目 (第370-376页)
330    @a本书以文学作品语言作为研究对象。书中回顾与梳理了文学语言学前学科时期和准学科时期中外理论界的研究和理论建树,深入演变,系统阐述了文学语言的地位作用、性质特征、形式范畴、类型与风格、文学语言的接受等诸多重要的理论问题。
606 0  @a文学语言@x研究
690    @aI045@v4
701  0 @a李荣启@ALi Rong Qi@4著
801  0 @aCN@b中图数据@c20061210
905    @a10447@dI045@e130
    
    文学语言学/李荣启著.-北京:人民出版社,2005
    378页;21cm
    
    
    ISBN 7-01-005000-7:CNY26.00
    本书以文学作品语言作为研究对象。书中回顾与梳理了文学语言学前学科时期和准学科时期中外理论界的研究和理论建树,深入演变,系统阐述了文学语言的地位作用、性质特征、形式范畴、类型与风格、文学语言的接受等诸多重要的理论问题。
●
相关链接 在E读中查询图书 在五车中查询图书 在当当中查询图书 在豆瓣中查询图书


正题名:文学语言学     索取号:I045/130         预约/预借

序号 登录号 条形码 馆藏地/架位号 状态 备注
1 0600764   206007649   第一样本阅览室/ [索取号:I045/130] 在馆    
2 0600765   206007658   第二借阅区/ [索取号:I045/130] 在馆    
3 0600766   206007667   第二借阅区/ [索取号:I045/130] 在馆    
4 0600767   206007676   第二借阅区/ [索取号:I045/130] 在馆    
5 0600768   206007685   第二借阅区/ [索取号:I045/130] 在馆    
唐山师范学院图书馆 欢迎您!
大连网信软件有限公司© 版权所有